000 00302nam a22001337a 4500
020 _a978-2744005510
041 _aENG
100 _aPerry.G
245 _aSams Teach Yourself Visual Basic 6 In 21 Days
260 _aDelhi
_bTechmedia
_c1998
300 _a589
650 _aComputer
856 _uComputer
999 _c751
_d751